000
00187nam a2200085 4500
001
1255655
005
20251211090522.0
245
_a
ANNE TERLİĞİ
_c
ANIL BASILI
260
_b
TİMAŞ YAYINLARI
999
_c
1255655
_d
1255655